01275nam a22003014a 4500001001200000003000800012006001900020007001500039008004100054010001700095020001500112040002100127035002100148050002700169082001900196245013700215260006700352300001400419490003400433504006400467533015200531650004500683655002900728700002100757710001700778830005200795856012600847ebr10044072CaPaEBRm u cr cn|||||||||000914s2001 enk sb 001 0 eng  z 00048354  z0333930932 aCaPaEBRcCaPaEBR a(OCoLC)55941320714aJL1856.C58bS65 2001eb04a322/.5/09822104aThe soldier and the state in South Americah[electronic resource] :bessays in civil-military relations /cedited by Patricio Silva. aHoundmills, Basingstoke [Eng.] ;aNew York :bPALGRAVE,c2001. ax, 212 p.1 aLatin American studies series aIncludes bibliographical references (p. 195-205) and index. aElectronic reproduction.bPalo Alto, Calif. :cebrary,d2013.nAvailable via World Wide Web.nAccess may be limited to ebrary affiliated libraries. 0aCivil-military relationszSouth America. 7aElectronic books.2local1 aSilva, Patricio.2 aebrary, Inc. 0aLatin American studies series (Palgrave (Firm))40uhttp://site.ebrary.com/lib/rucke/Doc?id=10044072zAn electronic book accessible through the World Wide Web; click to view